Cargando...
Generalolarized ligy microscopy
| Autor principal: | |
|---|---|
| Formato: | Printed Book |
| Lenguaje: | Undetermined English |
| Publicado: |
Michigan
Ann adbor science publishers
1979
|
| Materias: |
| LEADER | 00617nam a2200193Ia 4500 | ||
|---|---|---|---|
| 008 | 140306s9999 xx 000 0 und d | ||
| 041 | |a eng | ||
| 082 | |a 578 |b MCC/PO | ||
| 100 | |a Mccronnne, WC | ||
| 245 | |a Generalolarized ligy microscopy | ||
| 260 | |a Michigan |b Ann adbor science publishers |c 1979 | ||
| 300 | |a 251 | ||
| 365 | |b UKP.21.70 | ||
| 650 | |a Microtechnique | ||
| 650 | |a photomicrography | ||
| 650 | |a Illumination | ||
| 942 | |2 ddc |c BK | ||
| 999 | |c 108789 |d 108789 | ||
| 952 | |0 0 |1 0 |2 ddc |4 0 |6 578_000000000000000_MCCPO |7 0 |9 106162 |a KAUHCV |b KAUHCV |d 2002-01-01 |g 21.70 |o 578 MCC/PO |p KAU_HCV-15858 |r 2014-03-22 |w 2014-03-22 |y BK | ||